000 00271nam a22001337a 4500
008 170921b xxu||||| |||| 00| 0 eng d
020 _a0026677008
041 _aeng
080 _a7
100 _a45
101 _aART
245 _aARTTALK
_cRAGANS, R
942 _2udc
_cBK
999 _c28647
_d28647